Flugziele vom Flughafen Hannover (HAJ) - Statistiken

Allgemein
  • Dieses Quiz wurde 41 mal gespielt
  • Das Durchschnittsergebnis liegt bei 45 aus 75
Antwortstatistiken
Land Code Flugziel % Korrekt
Deutschland DUS Düsseldorf
100%
Deutschland FRA Frankfurt am Main
100%
Deutschland MUC München
100%
Griechenland ATH Athen
96%
Spanien BCN Barcelona
96%
Dänemark CPH Kopenhagen
96%
Frankreich NCE Nizza
96%
Frankreich CDG Paris Charles de Gaulle
96%
Deutschland LEJ Leipzig
93%
Portugal LIS Lissabon
93%
Vereinigtes Königreich LHR London Heathrow
93%
Griechenland RHO Rhodos
93%
Deutschland STR Stuttgart
93%
Schweiz ZRH Zürich
93%
Niederlande AMS Amsterdam Schiphol
89%
Türkei IST Istanbul
89%
Türkei SAW Istanbul-Sabiha
89%
Griechenland CFU Korfu (Kerkyra)
89%
Italien MXP Mailand Malpensa
89%
Österreich VIE Wien
89%
Vereinigte Arabische Emirate DWC Dubai
86%
Griechenland HER Heraklion (Kreta)
86%
Ägypten HRG Hurghada
86%
Spanien IBZ Ibiza
86%
Schweden ARN Stockholm Arlanda
86%
Spanien PMI Palma de Mallorca
82%
Spanien ALC Alicante
79%
Vereinigtes Königreich GLA Glasgow
79%
Portugal OPO Porto
79%
Italien FCO Rom Fiumicino
79%
Türkei AYT Antalya
75%
Serbien BEG Belgrad
75%
Libanon BEY Beirut
71%
Portugal FAO Faro
71%
Spanien LPA Las Palmas de Gran Canaria
71%
Kosovo PRN Pristina
71%
Bulgarien VAR Warna
71%
Türkei ESB Ankara
68%
Italien BZO Bozen
68%
Georgien TBS Tiflis
68%
Spanien AGP Malaga
64%
Spanien TFS Teneriffa
64%
Portugal FNC Funchal
61%
Türkei ADB Izmir
61%
Griechenland KGS Kos
57%
Marokko RAK Marrakesch
57%
Spanien MAH Menorca
57%
Italien TRS Triest
46%
Kroatien PUY Pula
43%
Griechenland SKG Thessaloniki
43%
Bulgarien BOJ Burgas
39%
Zypern LCA Larnaka
39%
Italien OLB Olbia
39%
Irak EBL Erbil
36%
Spanien ACE Lanzarote
36%
Türkei BJV Bodrum
32%
Türkei GZT Gaziantep
32%
Spanien XRY Jerez de la Frontera
32%
Türkei DLM Dalaman
25%
Ägypten RMF Marsa Alam
25%
Kap Verde SID Sal
25%
Frankreich BIA Bastia
21%
Kap Verde BVC Boa Vista
21%
Tunesien MIR Monastir
18%
Türkei DIY Diyarbakir
14%
Türkei ASR Kayseri
14%
Italien SUF Lamezia Terme
14%
Türkei SZF Samsun
14%
Griechenland GPA Araxos (Patras)
11%
Spanien FUE Furteventura
7%
Türkei GZP Gazipasa
7%
Türkei COV Cukurova
4%
Tunesien DJE Djerbe
4%
Türkei EZS Elazig
4%
Türkei EDO Edremit
0%
Keine übereinstimmenden Quizze gefunden
Verteilung der Resultate
Anzahl Personen mit jedem Resultat
Perzentil nach korrekt beantworteten Fragen
Ihre Resultats-Entwicklung
Sie haben dieses Quiz noch nicht gespielt